Identification and analysis of genes involved in anaerobic toluene metabolism by strain T1 : Putative role of a glycine free radical /
Đã lưu trong:
| 主要作者: | |
|---|---|
| 其他作者: | , |
| 格式: | Bài viết |
| 語言: | English |
| 主題: | |
| 標簽: |
添加標簽
沒有標簽, 成為第一個標記此記錄!
|
| Thư viện lưu trữ: | Thư viện Trường Đại học Đà Lạt |
|---|
| LEADER | 01061nam a2200337 4500 | ||
|---|---|---|---|
| 001 | DLU090091437 | ||
| 005 | ##20091201 | ||
| 040 | # | # | |a DLU |b eng |
| 041 | # | # | |a eng |
| 044 | # | # | |a us |
| 100 | # | # | |a Coschigano, Peter W. |
| 245 | # | # | |a Identification and analysis of genes involved in anaerobic toluene metabolism by strain T1 : Putative role of a glycine free radical / |c Peter W. Coschigano, Thomas S. Wehrman, L. Y. Young. |
| 653 | # | # | |a Anaerobiosis |
| 653 | # | # | |a Aromatic compounds |
| 653 | # | # | |a Bacteria |
| 653 | # | # | |a Hydrocarbon |
| 653 | # | # | |a Molecular cloning |
| 653 | # | # | |a Mutation |
| 653 | # | # | |a Toluene |
| 700 | # | # | |a Wehrman, Thomas S. |
| 700 | # | # | |a Young, L. Y. |
| 773 | # | # | |t Applied and Environmental Microbiology |g Vol. 64, no. 5 (May 1998), p. 1650-1656 |
| 920 | # | # | |a Phòng Tạp chí -- Trung tâm Thông tin - Thư viện Trường Đại học Đà Lạt |
| 994 | # | # | |a DLU |
| 900 | # | # | |a True |
| 911 | # | # | |a Trương Bảo Trâm Anh |
| 925 | # | # | |a G |
| 926 | # | # | |a A |
| 927 | # | # | |a BB |
| 980 | # | # | |a Thư viện Trường Đại học Đà Lạt |